01573 2200229 4500001002100000005001500021035002000036008004100056020001900097041000800116082001200124084001800136100002400154245008500178250000600263260004400269300003100313520089700344650003401241650004201275990002601317INLIS00000000000139820241022030612 a0010-0520001398241022 | 0 eng  a983-2631-20-3x aeng a343.595 a343.595/XXX/C0 aArjunan Subramaniam1 aCustoms Tariffs : Arjunan On Malaysian Revenue Laws 07530 /cArjunan Subramaniam a1 aSelangor :bSweet & Maxwell Asia,c2005 a619-1118 p. ; 28cm ;c28cm aThis publication is an invaluable repository of revenue law source materials which will be welcomed by tax practitioners. Covering the entire breadth of Malaysian revenue law, it is a comprehensive source of information needed by tax professionals. The looseleaf format of this publication ensures that it can be regularly updated to bring to readers new information in the dynamic field of revenue law. Arjunan on Malaysian Revenue Laws will be updated twice annually and supplemented with an annual Budget Commentary. This volume is th esecond part of fifth volume of Customs Tariffs. Its contains nine sections related customs tariffs on Malaysian Revenue Laws includings; articles of stone, articles of base metal, associated transport, optical, musical instruments parts and accessories, arms, ammunition, miscellaneous manufactured articles, work of art, collectors pieces and antiques. 4aInternal Revenue Law-Malaysia 4aTaxation-Law and Legislation-Malaysia a07530/MKRI-P/XII-2007